000 00438nam a2200133Ia 4500
008 151001s9999||||xx |||||||||||||| ||und||
100 _aश्री अ डांगे
245 _aभारत स्वातंत्र्यापूर्वी व नंतर
250 _a1
260 _bअभिनव प्रकाशन इंदोर मध्यप्रदेश
260 _c1972
300 _a73
365 _b18
999 _c957862
_d957859